01667nam a22001937a 450000500170000001000150001702000260003203500130005803700130007108200120008424500880009626000300018427000680021430000360028250000190031850510860033765000300142370000200145320141015112854.0 aENG-111009 a9788120350205c895.00 aEN-94541 bDBAD/PUB a004.682 a Microsoft SharePoint 2013 administration inside out /bby Randy Williams...[et al] aDelhibPHI Learningc2014 aRimjhim House, 111, Patparganj Industrial EstatebDelhie110092 axxviii,920p. :c24cm(pbk)bill. aIncludes index a What’s new in SharePoint 2013 -- Planning and preparing for SharePoint 2013 installation -- Upgrading to SharePoint 2013 -- Installing SharePoint 2013 -- Managing farms, web applications, and content databases -- Creating and managing service applications -- Creating and managing site collections -- Creating and configuring search service applications -- Customizing search results and the search center site -- Configuring metadata management services -- Configuring user profile services -- Understanding and configuring social capabilities -- Configuring business connectivity services -- Configuring records management and eDiscovery -- Understanding and managing SharePoint 2013 apps -- Managing farm and sandboxed solutions -- Installing and configuring business intelligence components -- Monitoring and troubleshooting SharePoint 2013 -- Understanding and configuring security -- Scaling and optimizing farms -- Installing and configuring Office Web Apps 2013 -- Understanding SharePoint Online, Azure, and hybrid scenarios -- Performing content and disaster recovery. a Web serversxManagement. aWilliams, Randy